• 首页
  • 本馆介绍
  • 公告通知
  • 最新文献
  • 馆藏检索
  • 电子资源
  • 读者导购
  • 参考咨询
  • 我的图书馆
  • 登录
  • 详细信息显示
  • 放入我的书架
  • 预约/预借图书
  • 作者相关作品
  • 分类相关作品
  • 丛书相关作品
  • 出版社相关作品

书目信息

  • 表格格式
  • 工作单格式
  • 卡片格式
题名:
ESO在企业实现长期激励
    
 
作者: 梁志芳 , 光胜 曲
分册:  
出版信息: 海口   南海出版公司  2004
页数: 285
开本: 23cm
丛书名:
单 册:
中图分类: F279.24
科图分类:
主题词: 企业经济
电子资源:
ISBN: 7-5442-2856-8
000 00774nam0 2200205 450
001 0760515518
005 20070817164835.51
010    @a7-5442-2856-8@d¥39.80
100    @a20070817d km y0chiy0120 ea
101 0  @achi
200 1  @aESO在企业实现长期激励@AESO zai qi ye shi xian chang qi ji li@e经理股票期权(ESO)对稳定企业高级管理层的作用@f曲光胜,梁志芳@Fqu guang sheng,liang zhi fang
210    @a海口@c南海出版公司@d2004
215    @a285@d23cm
517 1  @a经理股票期权(ESO)对稳定企业高级管理层的作用@Ajing li gu piao qi quan(ESO)dui wen ding qi ye gao ji guan li ceng de zuo yong
606 0  @a企业经济
690    @aF279.24@v3
701  0 @a梁志芳@Aliang zhi fang@4曲
701  0 @a光胜@Aguang sheng@4曲
801  0 @aCN@bPFT@c20070817
905    @a213230@dF279.24@eg177@f1
    
    ESO在企业实现长期激励:经理股票期权(ESO)对稳定企业高级管理层的作用/曲光胜,梁志芳.-海口:南海出版公司,2004
    285;23cm
    
    
    ISBN 7-5442-2856-8:¥39.80
    
●
相关链接 在E读中查询图书 在五车中查询图书 在当当中查询图书 在豆瓣中查询图书


正题名:ESO在企业实现长期激励     索取号:F279.24/g177         预约/预借

序号 登录号 条形码 馆藏地/架位号 状态 备注
1 6502209   265022094   密集书库-海洋学院/ [索取号:F279.24/g177] 在馆    
2 6502210   265022101   密集书库-海洋学院/ [索取号:F279.24/g177] 在馆    
唐山师范学院图书馆 欢迎您!
大连网信软件有限公司© 版权所有